000 00772cam a22002533a 4500
001 30706
003 PGUSA
005 20140828083650.0
008 091218s2009||||xxu|||||s|||||000 | eng d
040 _aPGUSA
_beng
042 _adc
050 4 _aQC
100 1 _aTomlinson, Charles,
_d1808-1897
245 1 4 _aThe Rain Cloud ;
_bor, An Account of the Nature, Properties, Dangers and Uses of Rain in Various Parts of the World
_h[electronic resource] /
_cCharles Tomlinson
260 _bProject Gutenberg,
_c2009
506 _aPublic domain in the USA.
516 _aElectronic text
653 _aRain and rainfall
653 _aClouds
653 _aWeather
830 0 _aProject Gutenberg
_v30706
856 4 0 _uhttp://www.gutenberg.org/ebooks/30706
942 _cEB
999 _c259961
_d259961